|
|
|
|
| LEADER |
01062nam\a2200289\a\4500 |
| 001 |
2823866 |
| 008 |
090517s1984 moua b 001 0 eng d |
| 010 |
|
|
|a 83017357
|
| 020 |
|
|
|a 0801642337
|
| 040 |
|
|
|a DLC
|c DLC
|d DLC
|
| 060 |
|
|
|a WA 590 H4345
|
| 082 |
0 |
0 |
|a 613/.07/1
|2 19
|
| 999 |
|
|
|c 784
|d 784
|
| 999 |
|
|
|c 784
|
| 245 |
0 |
0 |
|a Health education :
|b foundations for the future /
|c [edited by] Laurna Rubinson, Wesley F. Alles.
|
| 260 |
|
|
|a St. Louis :
|b Times Mirror/Mosby College Pub.,
|c 1984.
|
| 300 |
|
|
|a xv, 312 p. :
|b ill. ;
|c 25 cm.
|
| 504 |
|
|
|a Includes bibliographies and index.
|
| 541 |
1 |
|
|e 00002614
|
| 650 |
|
0 |
|a Health education.
|9 830
|
| 650 |
|
2 |
|a Health education.
|9 831
|
| 650 |
|
2 |
|a Health promotion.
|9 832
|
| 700 |
1 |
|
|a Rubinson, Laurna.
|9 833
|
| 700 |
1 |
|
|a Alles, W. F.
|9 834
|
| 852 |
4 |
|
|a <add your library>
|j <shelf mark>
|
| 942 |
|
|
|2 ddc
|c BK
|
| 952 |
|
|
|0 0
|1 0
|2 ddc
|4 0
|6 613_071000000000000_HEA_1984
|7 0
|9 723
|a BRACUL
|b BRACUL
|c GEN
|d 2009-05-18
|g 0.00
|l 0
|o 613.071 HEA
|p 3010002614
|r 2009-05-18
|t 1
|w 2009-05-18
|y BK
|x No price found in the accession register.
|